000 00430nam a2200181Ia 4500
001 12789
005 20260306163007.0
008 260306t2007||||xx |||||||||||||| ||spa||
041 _aESP
082 _aRD 320.03
_bB66 T. 2 2007
100 _aBobbio, Norberto
_eAUT
245 0 _aDiccionario de política
260 _c2007
300 _a1698 páginas :
_ccm.
650 _aGEN
654 _aCDE
942 _cDIC
_dJUS
_fJUS
_2ddc
_n
999 _c12789
_d12789